000 00699nam a2200289Ia 4500
008 160803s9999 xx 000 0 und d
020 _a 978-0061996313
100 _aRylander, Chris
245 4 _aThe fourth stall /
245 _cby Chris Rylander.
260 _aNew York :
260 _bScholastic Inc.
260 _c2011
300 _a314 pages :
300 _c21 cm.
650 _aBullies --
650 _aBusiness enterprises --
650 _aBusiness enterprises --
650 _aFriendship --
650 _aSchools --
650 _xFiction.
650 _xFiction.
650 _xFiction.
650 _xFiction.
650 _xJuvenile fiction.
700 _a760
999 _c298415
_d298415